Schoolteacher : a sociological study
Αποθηκεύτηκε σε:
| Κύριος συγγραφέας: | |
|---|---|
| Μορφή: | Βιβλίο |
| Γλώσσα: | English |
| Δημοσίευση: |
Chicago :
The University of Chicago Press,
1975
|
| Θέματα: | |
| Ετικέτες: |
Προσθήκη ετικέτας
Δεν υπάρχουν, Καταχωρήστε ετικέτα πρώτοι!
|
MARC
| LEADER | 00000nam a2200000 i 4500 | ||
|---|---|---|---|
| 001 | 1/95541 | ||
| 008 | 991207s1975 eng d | ||
| 020 | |a 0-226-49354-7 | ||
| 035 | |l 10055360 | ||
| 040 | |a GR-MY-UA |b gre |e aacr | ||
| 041 | 0 | |a eng | |
| 082 | 0 | |a 371.102023 | |
| 100 | 1 | |a Lortie, Dan C. |q (Dan Clement) |d 1926- | |
| 245 | 1 | 0 | |a Schoolteacher : |b a sociological study / |c Dan C. Lortie |
| 260 | |a Chicago : |b The University of Chicago Press, |c 1975 | ||
| 300 | |a 284 p. | ||
| 650 | 0 | 0 | |a Teaching |x vocational guidance |z United States. |
| 650 | 0 | 0 | |a Teachers |x Economic conditions. |
| 650 | 0 | 0 | |a Teachers |x Social conditions. |
| 650 | 0 | 0 | |a Teachers |x Psychology. |
| 852 | |a INST |b RHODES |e 19991207 |h 371.102023 LOR |p 005400012483 |q 005400012483 |t BK |y 0 | ||
| 901 | |a BIBL4-1999-3 | ||
| 909 | |a Ρ |b 069215 | ||
| 922 | |a 4ΕΛΗ |b 199909 |c ΚΠΣ/154 |d GLORY BOOKS | ||
| 970 | |a ΚΟΥΛΑΚΙΟΤΗ |b ΛΙΤΣΑ |z 1999/12/07 | ||